Planning and design of airports (Record no. 7402)

000 -LEADER
fixed length control field 00560nam a2200217 a 4500
001 - CONTROL NUMBER
control field 7402
003 - CONTROL NUMBER IDENTIFIER
control field BD-DhUET
008 - FIXED-LENGTH DATA ELEMENTS--GENERAL INFORMATION
fixed length control field 930602s1994 nyua b 001 0 eng
020 ## - INTERNATIONAL STANDARD BOOK NUMBER
International Standard Book Number 0071133526
040 ## - CATALOGING SOURCE
Original cataloging agency DLC
Transcribing agency DLC
Modifying agency BD-DhUET
082 00 - DEWEY DECIMAL CLASSIFICATION NUMBER
Classification number 629.136
Item number HOR/1994
100 ## - MAIN ENTRY--PERSONAL NAME
Personal name Horonjeff, Robert
245 10 - TITLE STATEMENT
Title Planning and design of airports
250 ## - EDITION STATEMENT
Edition statement 4th ed.
260 ## - PUBLICATION, DISTRIBUTION, ETC. (IMPRINT)
Place of publication, distribution, etc. New York
Name of publisher, distributor, etc. McGraw-Hill
Date of publication, distribution, etc. 1994
300 ## - PHYSICAL DESCRIPTION
Extent xiii, 829p.
Other physical details ill.
504 ## - BIBLIOGRAPHY, ETC. NOTE
Bibliography, etc Includes bibliographies
650 #0 - SUBJECT ADDED ENTRY--TOPICAL TERM
Topical term or geographic name as entry element Airports - Planning
700 1# - ADDED ENTRY--PERSONAL NAME
Personal name McKelvey, Francis X.
942 ## - ADDED ENTRY ELEMENTS (KOHA)
Koha item type General Book
Holdings
Piece designation (barcode) Not for loan Source of classification or shelving scheme Koha normalized classification for sorting Koha full call number Copy number Price effective from Withdrawn status Damaged status Koha item type Shelving location Lost status Location (home branch) Koha date last seen Date acquired Sublocation or collection (holding branch)
90745  629_000000000000000_136HOR1994629.136/HOR/199412014-12-09  General BookCirculation section Central Library, BUET2014-12-092014-12-09Central Library, BUET
90743  629_136000000000000_HOR_1994629.136/HOR/199422015-06-18  Reading ItemReading section Central Library, BUET2015-06-182015-06-18Central Library, BUET